000 00784nam0a22002531 4500
001 rc\2638858
005 20250529185242.0
035 _a(NLR Aleph) 006946956
090 _a5208693
_c5208693
100 _a20110603d1931 |||y0rusy50 ca
101 0 _arus
102 _aRU
105 _aa z |||||
200 1 _aПеременник между сборами
_fС. Арабельский
210 _a[Москва]
_cГос. изд-во
_d1931
215 _a62, [2] с.
_cил.
_d16×12 см
225 1 _aБиблиотека красноармейца
300 _aБез тит. л. Описано по обложке
700 1 _aАрабельский
_bС.
801 0 _aRU
_bNLR
_gpsbo
801 1 _aRU
_bELAR
_2rusmarc
852 _aNLR
_j31-8/2003
942 _cBOOK
980 _aNB